| 000 | 00837cam a22002653a 4500 | ||
|---|---|---|---|
| 001 | 274 | ||
| 003 | PGUSA | ||
| 005 | 20140828082946.0 | ||
| 008 | 950601s1995||||xxu|||||s|||||000 | eng d | ||
| 040 |
_aPGUSA _beng |
||
| 042 | _adc | ||
| 050 | 4 | _aBR | |
| 100 | 1 |
_aLuther, Martin, _d1483-1546 |
|
| 245 | 1 | 0 |
_aDisputation of Doctor Martin Luther on the Power and Efficacy of Indulgences _h[electronic resource] / _cMartin Luther |
| 260 |
_bProject Gutenberg, _c1995 |
||
| 500 | _aMartin Luther's 95 Theses. | ||
| 506 | _aPublic domain in the USA. | ||
| 516 | _aElectronic text | ||
| 653 | _aReformation -- Germany -- Sources | ||
| 653 | _aIndulgences | ||
| 740 | 0 | _aDisputatio pro declaratione virtutis indulgentiarum. English | |
| 830 | 0 |
_aProject Gutenberg _v274 |
|
| 856 | 4 | 0 | _uhttp://www.gutenberg.org/ebooks/274 |
| 942 | _cEB | ||
| 999 |
_c229627 _d229627 |
||